|
|
|
|
| LEADER |
00000nam a2200000 a 4500 |
| 001 |
vtls001222351 |
| 003 |
SK-MaSNL |
| 005 |
20260426014017.0 |
| 008 |
130606s1996 xo o g c 00000 slo |
| 015 |
|
|
|a SNBE1997/0100144
|
| 020 |
|
|
|a 8088675251
|
| 035 |
|
|
|a SNK000167897
|
| 040 |
|
|
|a SNK
|b slo
|c SNK
|e AACR2
|
| 041 |
0 |
|
|a slo
|a fre
|
| 044 |
|
|
|a xo
|c SK
|
| 080 |
|
|
|a 378.673/76:658.512.2(083.9)=854=40
|2 1981
|
| 080 |
|
|
|a 76
|2 1981
|
| 080 |
|
|
|a 658.512.2
|2 1981
|
| 111 |
1 |
|
|a Projekt
|n (1. :
|d 1996 :
|c Bratislava, Slovensko)
|9 33051
|
| 245 |
1 |
0 |
|a Projekt 1 - 1996
|b Bratislava, Saint-Etienne
|c text Zdeno Kolesár, Jacques Bonnaval
|
| 260 |
|
|
|a [Bratislava
|b Vysoká škola výtvarných umení
|c 1996]
|
| 300 |
|
|
|a 39 s.
|b fotoreprod.
|c 28 x 21 cm
|
| 500 |
|
|
|a Text aj franc.
|
| 650 |
0 |
7 |
|a priemyselný dizajn
|2 SNKPH
|9 766
|
| 651 |
|
7 |
|a Bratislava (Slovensko)
|2 SNKPH
|9 14568
|
| 655 |
|
7 |
|a katalógy výstav
|2 SNKPH
|9 70445
|
| 700 |
1 |
|
|a Kolesár, Zdeno,
|d 1960-
|4 aft
|9 111340
|
| 700 |
1 |
|
|a Bonnaval, Jacques
|4 aft
|9 18761
|
| 710 |
2 |
|
|a Vysoká škola výtvarných umení v Bratislave
|4 orm
|9 32793
|
| 710 |
2 |
|
|a Ecole des beaux-arts Saint-Etienne (Francúzsko)
|4 orm
|9 32921
|
| 919 |
|
|
|a 80-88675-25-1
|
| 999 |
|
|
|c 1140639
|d 1142569
|
| 952 |
|
|
|t P60, <09>, [BOOK], {629}
|a SNK
|b SNK
|y NEVYP
|7 0
|0 0
|1 0
|4 0
|d 1996-11-06
|l 0
|r 2005-01-01 00:00:00
|w 2026-02-24
|
| 952 |
|
|
|t P60, <03>, [BOOK], {603}
|a SNK
|b SNK
|y PREZ
|7 0
|p 17A0016828
|o snkOSB 11145/1
|i snkKSP 9516/96
|0 0
|1 0
|4 0
|d 1996-11-06
|l 0
|r 2005-01-01 00:00:00
|w 2026-02-24
|
| 952 |
|
|
|t P60, <04>, [BOOK], {604}
|a SNK
|b SNK
|y VYP
|7 0
|p 17A0016829
|o snkOSB 11145/1 D1
|i snkKSP 9517/96
|0 0
|1 0
|4 0
|d 1996-11-06
|l 0
|r 2005-01-01 00:00:00
|w 2026-02-24
|